Salem Journal of Management and Social Sciences (Record no. 38632)

MARC details
000 -LEADER
fixed length control field 00502nam a2200169Ia 4500
022 ## - INTERNATIONAL STANDARD SERIAL NUMBER
ISSN 23158301
050 ## - CALL MARK
Classification number H 1 .S25/
245 #0 - TITLE STATEMENT
Title Salem Journal of Management and Social Sciences
260 ## - PUBLICATION, DISTRIBUTION, ETC. (IMPRINT)
Place of publication Kogi State, Nigeria
260 ## - PUBLICATION, DISTRIBUTION, ETC. (IMPRINT)
Name of publisher Salem University-Lokoja
260 ## - PUBLICATION, DISTRIBUTION, ETC. (IMPRINT)
Year of publication 2020
300 ## - PHYSICAL DESCRIPTION
Number of Pages vi, 164 p. :ill. ; 28 cm.
650 ## - SUBJECT ADDED ENTRY--TOPICAL TERM
Topical Term Social sciences--Nigeria--Periodicals. Management--Nigeria--Periodicals.
942 ## - ADDED ENTRY ELEMENTS (KOHA)
Koha item type Serials

No items available.